ၶၢဝ်းတၢင်းႁဝ်းသိပ်းပီ (Record no. 6269)

000 -LEADER
fixed length control field 00850nam a22002177a 4500
003 - CONTROL NUMBER IDENTIFIER
control field OSt
005 - DATE AND TIME OF LATEST TRANSACTION
control field 20260128092849.0
008 - FIXED-LENGTH DATA ELEMENTS--GENERAL INFORMATION
fixed length control field 210821b ||||| |||| 00| 0 eng d
040 ## - CATALOGING SOURCE
Transcribing agency OSt
041 ## - LANGUAGE CODE
Language code of text/sound track or separate title Shan
082 ## - DEWEY DECIMAL CLASSIFICATION NUMBER
Classification number 808.4
245 ## - TITLE STATEMENT
Title ၶၢဝ်းတၢင်းႁဝ်းသိပ်းပီ
Remainder of title 1991-2001
260 ## - PUBLICATION, DISTRIBUTION, ETC.
Place of publication, distribution, etc. [ဢမ်ႇပႃးဝဵင်း]
Name of publisher, distributor, etc. [ဢမ်ႇပႃးတီး]
Date of publication, distribution, etc. 2000
300 ## - PHYSICAL DESCRIPTION
Extent ၼ၊ 150 ၼႃႈ
Other physical details ပႃးၶႅပ်းႁၢင်ႈ (သီ)
Dimensions 22 ၸိၼ်ႇထိႇ
500 ## - GENERAL NOTE
General note S-SAT: Dr. Prof Sai Aung Tun
650 ## - SUBJECT ADDED ENTRY--TOPICAL TERM
Topical term or geographic name entry element လၵ်ႈႁွမ်တွၼ် (article)
710 ## - ADDED ENTRY--CORPORATE NAME
Corporate name or jurisdiction name as entry element ၸဝ်ႈၶူးထမ်ႇမသႃႇမီးၶမ်း ၽူႈၼမ်းထတ်း-
942 ## - ADDED ENTRY ELEMENTS (KOHA)
Koha item type Books (Long term)
501 ## - WITH NOTE
With note ပႃးၽိုၼ်ဢိင်
650 ## - SUBJECT ADDED ENTRY--TOPICAL TERM
9 (RLIN) 65807
710 ## - ADDED ENTRY--CORPORATE NAME
9 (RLIN) 65808
Source of classification or shelving scheme
Holdings
Withdrawn status Lost status Source of classification or shelving scheme Damaged status Not for loan Collection Code Permanent Location Current Location Shelving location Date acquired Total Checkouts Full call number Barcode Date last seen Date last checked out Copy number Price effective from Koha item type Accession
          Tai Collection Shan State Buddhist University Library Shan State Buddhist University Library Tai Shelves 21/08/2021 1 808.4 ၶၢဝ်း ႑႗႐႕ SH00001705 11/01/2024 21/12/2023 1 21/08/2021 Books (Long term) ႑႗႐႕
        Not For Loan Tai Collection Shan State Buddhist University Library Shan State Buddhist University Library Tai Shelves 21/08/2021   808.4 ၶၢဝ်း ႒႓႗႕ S-SAT SH00002375 30/09/2024   2 21/08/2021 Book (Short term) ႒႓႗႕ S-SAT

Library - 09407999929
Admin Office - 09407999979
Dean Office - 09250910768
Registrar Office - 09892297154
Email - [email protected]
Shan State Buddhist University, Phaya Phyu Taunggyi, Shan State, Myanmar.